| 000 | 00461nam a2200169Ia 4500 | ||
|---|---|---|---|
| 008 | 180207s9999 xx 000 0 und d | ||
| 020 | _a1880599015 | ||
| 050 | _bC678 1995 | ||
| 100 | _aCohen, Judith Love. | ||
| 245 | _aYou can be a woman engineer / | ||
| 245 | _cJudith Love Cohen ; illustrated by David A. Katz. | ||
| 260 | _aCalofornia : | ||
| 260 | _bCascade Pass, Inc., | ||
| 260 | _c1995 | ||
| 300 | _a38 pages : | ||
| 300 | _bcolor illustration ; | ||
| 999 |
_c355245 _d355245 |
||